| 000 | 00566nam a2200241Ia 4500 | ||
|---|---|---|---|
| 008 | 190123s9999 xx 000 0 und d | ||
| 020 | _a9780531265826 | ||
| 050 | _bM959 2012 | ||
| 100 | _aMullins, Matt | ||
| 245 | 0 | _aEnergy / | |
| 245 | 0 | _cby Matt Mullins. | |
| 260 | _aNew York, New York : | ||
| 260 | _bChildren's Press, | ||
| 260 | _c2012 | ||
| 300 | _a48 pages : | ||
| 300 | _bcolored illustrations ; | ||
| 300 | _c22cm. | ||
| 440 | _aA true book. | ||
| 500 | _a770L | ||
| 650 | _aForce and energy. | ||
| 700 | _aSeries. | ||
| 700 | _aTitle. | ||
| 999 |
_c361141 _d361141 |
||